[Event "Africa-ch"]
[Site "Lilongwe"]
[Date "2021.05.20"]
[Round "3"]
[White "Awesome, John Aanuoluwapo"]
[Black "Ikhimiukor, Ehidiamen"]
[Result "0-1"]
[WhiteElo "1424"]
[BlackElo "1946"]
[PlyCount "97"]
[EventDate "2021.05.18"]
[EventType "swiss"]
[EventRounds "9"]
[EventCountry "MWI"]
[SourceTitle "CBM 202 Extra"]
[Source "ChessBase"]
[SourceDate "2021.07.31"]
[SourceVersion "1"]
[SourceVersionDate "2021.07.31"]
[SourceQuality "1"]

1. e4 e5 2. Nf3 Nc6 3. Bc4 Bc5 4. Nc3 Nf6 5. d3 h6 6. a3 0-0 7. b4 Bd4 8. Nxd4 Nxd4 9. Ne2 d5 10. exd5 Nxd5 11. 0-0 Bg4 12. f3 Bh5 13. Ng3 Bg6 14. Bd2 Qd7 15. c3 Nf5 16. Nxf5 Bxf5 17. Qe2 Rfe8 18. Rfd1 Rad8 19. Be1 a6 20. Bxd5 Qxd5 21. Rd2 Qc6 22. c4 Qg6 23. Rad1 f6 24. Bf2 h5 25. Qe3 Bh3 26. Bg3 Bf5 27. Qa7 Bc8 28. d4 exd4 29. Rxd4 Rxd4 30. Qxd4 c6 31. c5 Be6 32. Qd6 Qf7 33. Re1 Bd5 34. Rxe8+ Qxe8 35. Qb8 Qxb8 36. Bxb8 Kf7 37. Kf2 Ke6 38. Ke3 Kf5 39. Bd6 g5 40. g3 Ke6 41. f4 Kf5 42. h4 gxh4 43. gxh4 Kg4 44. Be7 Kxh4 45. Bxf6+ Kg3 46. Bg5 h4 47. Bxh4+ Kxh4 48. Kd4 Kg4 49. Ke5 0-1